OPERATIONS MANAGEMENT (Record no. 17372)
[ view plain ]
| 000 -LEADER | |
|---|---|
| fixed length control field | 00345nam a2200145Ia 4500 |
| 008 - FIXED-LENGTH DATA ELEMENTS--GENERAL INFORMATION | |
| fixed length control field | 240624s9999 xx 000 0 und d |
| 041 ## - LANGUAGE CODE | |
| Language code of text/sound track or separate title | eng |
| 082 ## - DEWEY DECIMAL CLASSIFICATION NUMBER | |
| Classification number | 658.5 REI |
| 100 ## - MAIN ENTRY--PERSONAL NAME | |
| Personal name | REID R DAN |
| 245 ## - TITLE STATEMENT | |
| Title | OPERATIONS MANAGEMENT |
| 250 ## - EDITION STATEMENT | |
| Edition statement | (4th ed.) |
| 260 ## - PUBLICATION, DISTRIBUTION, ETC. | |
| Date of publication, distribution, etc. | 2011 |
| Place of publication, distribution, etc. | New Jersey |
| Name of publisher, distributor, etc. | John Wiley and Sons |
| 300 ## - PHYSICAL DESCRIPTION | |
| Extent | 631 : p. |
| 365 ## - TRADE PRICE | |
| Currency code | |
| Price amount | 25 |
| Withdrawn status | Lost status | Damaged status | Not for loan | Home library | Current library | Shelving location | Date acquired | Source of acquisition | Cost, normal purchase price | Full call number | Barcode | Date last seen | Copy number | Price effective from | Koha item type |
|---|---|---|---|---|---|---|---|---|---|---|---|---|---|---|---|
| IMTN | IMTN | Rack 34-A | 07/08/2011 | AP | 81.95 | 658.5 REI | 17372 | 06/24/2024 | 47.3 | 06/24/2024 | Books |